| 000 | 00817nam a22002657a 4500 | ||
|---|---|---|---|
| 003 | DO-SdBNP | ||
| 005 | 20210409110058.0 | ||
| 008 | 210128b 2017 dr 00| 0 spa d | ||
| 020 | _a9789945503005 | ||
| 040 |
_aDO-SdBNP _bspa _cBPMSU |
||
| 082 |
_aRD863.44 _bR595f _222 |
||
| 100 | 1 |
_aRisco Bermúdez , René _d1937-1972 |
|
| 245 |
_aTodos los Cuentos / _cRené del Risco Bermúdez |
||
| 260 |
_aSanto Domingo : _bNacional, _c2017 |
||
| 300 |
_a229 p. ; _c20 cm. |
||
| 490 | 1 | _aNarrativa; | |
| 500 | _aincluyes datos biográfico del autor en las solapas | ||
| 590 | _6Inventariado, 2021/ MC | ||
| 650 | 4 |
_aCuentos dominicanos _vcolecciones |
|
| 650 | 4 | _aLiteratura dominicana | |
| 710 | 2 | _3Ministerio de Cultura (República Dominicana) | |
| 830 | 0 | _aNarrativa | |
| 910 | _aMCabrera /VMateo | ||
| 942 |
_2ddc _cBK |
||
| 999 |
_c13367 _d13367 |
||